| 000 | 01012cam a22002651 4500 | ||
|---|---|---|---|
| 001 | 0000003857 | ||
| 005 | 20170406115347.0 | ||
| 008 | 770506r1823uuuustk 000 0 eng | ||
| 010 | _a 14021014 | ||
| 035 | _9(DLC) 14021014 | ||
| 035 | _a(OCoLC)2946935 | ||
| 040 |
_aDLC _cRPB _dOCoLC _dDLC |
||
| 042 | _aemarc=LC PreMARC Retrospective Conversion Project | ||
| 050 | 0 | 0 |
_aPR3510 _b.A2 1823 |
| 100 | 1 |
_aHerrick, Robert, _d1591-1674. |
|
| 245 | 1 | 4 | _aThe works of Robert Herrick ... |
| 260 |
_aEdinburgh : _bReprinted for W. and C. Tait, _c1823. |
||
| 300 |
_a2 v. ; _c25 cm. |
||
| 500 | _aEach work has reproduction of original t.-p. | ||
| 500 | _aEd. with a biographical notice by T. Maitland. cf. Brit. Mus. Catalogue. | ||
| 505 | 0 | _av. 1. Hesperides, or, The works both humane & divine.--v. 2. Hesperides (continued) His noble numbers: or, his pious pieces. | |
| 700 | 1 |
_aDundrennan, Thomas Maitland, _cLord, _d1792-1851. |
|
| 908 | _a140717 | ||
| 999 |
_c3707 _d3707 |
||